000 00843nam a2200277 i 4500
001 bg
100 1 _aKOLLMORGEN, Uwe
245 1 0 _aDocieplanie domów /
_cUwe Kollmorgen ; [tł. z niem. Jan Rubinowicz
246 _iTyt. oryg.:
_aEnergiesparen durch Wärmedämmung
260 _aWarszawa :
_b"Muza",
_c1997.
300 _a127 s. :
_bfot. kolor., rys. ;
_c23 cm.
490 1 _aTy i Twój Do
500 _aOryg. : "Energiesparen durch Wärmedämmung" 1997.
504 _aIndeks.
650 _aBudownictwo mieszkaniowe
_xtechnika
650 _aIzolacje cieplne
_xbudownictwo
655 _aPoradniki
830 _aTy i Twój Dom
020 _a8370790909
040 _cBPK
041 1 _apl
_hde
080 _a699.8::728(02.025.2)(083.1)
920 _a83-7079-090-9
942 _cKS
008 s pl f |000 0 pol
999 _c33979
_d33979
856 _uhttp://koha.tu.koszalin.pl/cgi-bin/koha/opac-detail.pl?biblionumber=33979
_yKatalog online BPK